| 000 | 00665cam a22002173a 4500 | ||
|---|---|---|---|
| 001 | 33929 | ||
| 003 | PGUSA | ||
| 005 | 20140828083731.0 | ||
| 008 | 101013s2010||||xxu|||||s|||||000 | eng d | ||
| 040 |
_aPGUSA _beng |
||
| 042 | _adc | ||
| 100 | 1 |
_aLe Goffic, Charles, _d1863-1932 |
|
| 245 | 1 | 0 |
_aDixmude : _bThe epic of the French marines (October 17-November 10, 1914) _h[electronic resource] / _cCharles Le Goffic |
| 260 |
_bProject Gutenberg, _c2010 |
||
| 506 | _aPublic domain in the USA. | ||
| 516 | _aElectronic text | ||
| 700 | 1 | _aSimmonds, Florence | |
| 830 | 0 |
_aProject Gutenberg _v33929 |
|
| 856 | 4 | 0 | _uhttp://www.gutenberg.org/ebooks/33929 |
| 942 | _cEB | ||
| 999 |
_c263184 _d263184 |
||